LDR 00642naa#a2200169#i#450# 001 EN\\bibl\121696 005 20260501184855.5 011 ## _a2073-0454 100 ## _a20260226b2026####ek#y0engy0150####ca 102 ## _aRU 200 1# _aLegal status of the consignee in the contract of carriage: rights, obligations and protection of interests _eJournal article 210 1# _aMoscow _cMoscow University of the Ministry of Internal Affairs of Russia named after V.Ya. Kikot _d2026 215 ## _a6 с. 608 ## _aJournal article _2local 675 ## _aПеревозка товаров. 347.763.3 _z 700 #1 _aLonchakova _gYuliya Andreevna 856 4# _amosumvd.editorum.ru _u